Podvojné účetníctví 93 pro podnikatele
Enregistré dans:
| Auteur principal: | |
|---|---|
| Autres auteurs: | |
| Format: | Livre |
| Langue: | tchèque |
| Publié: |
Praha
Refis
1993
|
| Édition: | 1. vyd. |
| Sujets: | |
| Tags: |
Pas de tags, Soyez le premier à ajouter un tag!
|
MARC
| LEADER | 00000nam a2200000 4500 | ||
|---|---|---|---|
| 001 | c002513 | ||
| 005 | 20221214082623.8 | ||
| 020 | |a 80-900019-9-8 | ||
| 041 | 0 | |a cze | |
| 044 | |a CZ | ||
| 245 | 1 | 0 | |a Podvojné účetníctví 93 pro podnikatele |c Eva Fišerová, Jaroslav Fišer |
| 250 | |a 1. vyd. | ||
| 264 | 1 | |a Praha |b Refis |c 1993 | |
| 300 | |a 258 s. | ||
| 610 | 2 | 0 | |a podnikanie |
| 610 | 2 | 0 | |a účtovníctvo podvojné |
| 610 | 2 | 0 | |a majetok investičný |
| 610 | 2 | 0 | |a zásoby |
| 610 | 2 | 0 | |a účty investičné |
| 610 | 2 | 0 | |a oceňovanie ekonomické |
| 610 | 2 | 0 | |a vzťahy zúčtovacie |
| 610 | 2 | 0 | |a záväzky hospodárske |
| 610 | 2 | 0 | |a účty |
| 610 | 2 | 0 | |a kapitál |
| 610 | 2 | 0 | |a náklady |
| 610 | 2 | 0 | |a uzávierka účtovná |
| 610 | 2 | 0 | |a výnosy podnikové |
| 100 | 1 | |a Fišerová, Eva | |
| 700 | 1 | |a Fišer, Jaroslav | |